Interpretar el patrimoni : guia bàsica guia bàsica
ISBN:
84-9803-155-9
Publicado:
Barcelona :
Diputació de Barcelona. Àrea de Cultura. Oficina de Patrimoni Cultural ,
2006
Descripción Física:
138 p. : il. , taules ; 24 cm
Colección:
Estudis.
Materias:
Patrimoni -- Manuals, guies, etc.
MARC
| LEADER | 00000nam a2200000Ia 4500 | ||
|---|---|---|---|
| 001 | 18567 | ||
| 008 | 160829s2006 xx 000 0 cat d | ||
| 020 | |a 84-9803-155-9 | ||
| 080 | |a B-2-119 | ||
| 245 | |a Interpretar el patrimoni : |b guia bàsica | ||
| 260 | |a Barcelona : |b Diputació de Barcelona. Àrea de Cultura. Oficina de Patrimoni Cultural, |c 2006 | ||
| 300 | |a 138 p. : |b il. , taules ; |c 24 cm | ||
| 490 | |a Estudis. |x Recursos culturals ; 1 | ||
| 590 | |a Bibliografia | ||
| 650 | |a Patrimoni |x Manuals, guies, etc. |9 22627 | ||
| 710 | 1 | |a Barcelona (Catalunya : Província). |b Oficina de Patrimoni Cultural |9 52675 | |
| 710 | 1 | |a Barcelona (Catalunya : Província). |b Àrea de Cultura |9 53536 | |
| 901 | |a Arxiu | ||
| 942 | |n 1 | ||
| 952 | |0 0 |1 0 |4 0 |6 B2119 |7 1 |9 42257 |a Arxiu |b Arxiu |d 2016-12-01 |l 0 |o B-2-119 |p 18567 |r 2016-12-01 00:00:00 |w 2016-12-01 |y ARXIU | ||
| 999 | |c 44735 |d 44735 | ||